| 000 | 01349cam a2200373 i 4500 | ||
|---|---|---|---|
| 001 | 77198 | ||
| 003 | BD-RjUL | ||
| 005 | 20211209082937.0 | ||
| 008 | 200302s1976 moua b 001 0 eng | ||
| 020 | _a0801626307 | ||
| 035 | _a(BD-RjUL) | ||
| 040 |
_aDLC _cDLC _dDLC _beng |
||
| 041 | _aeng | ||
| 060 | _aWS105 K625m | ||
| 082 | 0 | 0 |
_a618.9201019 _219 _bKLM 1976 |
| 100 | 1 |
_aKlaus, Marshall H., _d1927-2017. _9240225 |
|
| 245 | 1 | 0 |
_aMaternal-infant bonding : _bthe impact of early separation or loss on family development / _cMarshall H. Klaus, John H. Kennell. |
| 260 |
_aSaint Louis : _bMosby, _c1976. |
||
| 300 |
_axvii, 257 p. : _bill. ; _c23 cm. |
||
| 500 | _aSecond ed. published in 1982 under title: Parent-infant bonding. | ||
| 500 | _aIncludes index. | ||
| 504 | _aBibliography: p. 242-250. | ||
| 650 | 0 |
_aNewborn infants _xFamily relationships. _9221584 |
|
| 650 | 0 |
_aMother and infant. _9240226 |
|
| 650 | 0 |
_aNewborn infants _xDiseases _xPsychological aspects. _9221584 |
|
| 650 | 0 |
_aPerinatal death _xPsychological aspects. _9240227 |
|
| 650 | 0 |
_aAbnormalities, Human _xPsychological aspects. _9240228 |
|
| 650 | 2 |
_aMaternal deprivation. _9240229 |
|
| 700 | 1 |
_aKennell, John H., _d1922-2013, _990092 |
|
| 906 |
_a7 _bcbc _corignew _d1 _eocip _f19 _gy-gencatlg |
||
| 942 |
_2ddc _cBK |
||
| 999 |
_c77198 _d77198 |
||